Photo Quiz: Crooners 1930's - 1960's - Statistics

General Stats
  • This quiz has been taken 235 times
  • The average score is 6 of 10
Answer Stats
Picture Answer % Correct
Frank Sinatra
98%
Dean Martin
93%
Bing Crosby
90%
Nat King Cole
81%
Tony Bennett
79%
Fred Astaire
73%
Andy Williams
43%
Johnny Mathis
24%
Louis Prima
11%
Frankie Laine
7%
No matching quizzes found
Score Distribution
Percent of People with Each Score
Percentile by Number Answered
Your Score History
You have not taken this quiz